000
00202nam a2200085 4500
001
1255685
005
20251211130016.0
245
_a
ROBONLAR BİR HAYAL OPERASYONU 2
_c
MERT ARIK
260
_b
TİMAŞ YAYINLARI
999
_c
1255685
_d
1255685